Skúmanie konkurenčného prostredia v odvetví Postavenie podniku ovplyvňujú konkurenti i zákazníci

Analýza konkurenčného prostredia v odvetví pomocou tzv. Porterovho modelu piatich síl. Hrozby a príležitosti v konkrétnom odvetví výroby alebo služieb. Analýza vnútornej štruktúry odvetvia (segmentácia odvetvia - získavanie informácií o jednotlivých segmentoch - a identifikácia strategických skupín...

Descrizione completa

Salvato in:
Dettagli Bibliografici
Autore principale: Papula, J.
Natura: Capitolo di libro
Lingua:slovacco
Soggetti:
Tags: Aggiungi Tag
Nessun Tag, puoi essere il primo ad aggiungerne!!

MARC

LEADER 00000naa a2200000 4500
001 r016386
005 20221205090418.9
041 0 |a slo 
044 |a SK 
245 1 0 |a Skúmanie konkurenčného prostredia v odvetví  |b Postavenie podniku ovplyvňujú konkurenti i zákazníci  |c J. Papula 
520 |a Analýza konkurenčného prostredia v odvetví pomocou tzv. Porterovho modelu piatich síl. Hrozby a príležitosti v konkrétnom odvetví výroby alebo služieb. Analýza vnútornej štruktúry odvetvia (segmentácia odvetvia - získavanie informácií o jednotlivých segmentoch - a identifikácia strategických skupín vnútri odvetvia). 
610 2 0 |a manažment 
610 2 0 |a modely 
610 2 0 |a konkurencia 
610 2 0 |a podnik 
610 2 0 |a odvetvia činnosti ekonomickej 
610 2 0 |a analýza štruktúrna 
610 2 0 |a štruktúra ekonomiky odvetvová 
610 2 0 |a trh predávajúceho 
610 2 0 |a stratégia podniková 
100 1 |a Papula, J.